00436nam a2200181Ia 4500003000400000005001700004008004100021020001800062040000700080041000800087082001900095100003200114245002900146250000700175260004200182300001700224365001300241OSt20230401093147.0210423s2009 xx 000 0 und d a9788131721216 cAL aeng a658.4 ROBS223 aROBBINS (Stephen P);others. aOrganizational behavior. a13 aNew DelhibPHI Learning Pvt Ltdc2009 axxxv,782bPB b574cINR